Où se cache l’hystérie disparue ? (notice n° 1674142)
[ vue normale ]
| 000 -LEADER | |
|---|---|
| fixed length control field | 01926cam a2200157 4500500 |
| 005 - DATE AND TIME OF LATEST TRANSACTION | |
| control field | 20260301001730.0 |
| 041 ## - LANGUAGE CODE | |
| Language code of text/sound track or separate title | fre |
| 042 ## - AUTHENTICATION CODE | |
| Authentication code | dc |
| 100 10 - MAIN ENTRY--PERSONAL NAME | |
| Personal name | Evrard, Pierre |
| Relator term | author |
| 245 00 - TITLE STATEMENT | |
| Title | Où se cache l’hystérie disparue ? |
| 260 ## - PUBLICATION, DISTRIBUTION, ETC. | |
| Date of publication, distribution, etc. | 2009.<br/> |
| 500 ## - GENERAL NOTE | |
| General note | 91 |
| 520 ## - SUMMARY, ETC. | |
| Summary, etc. | L’anthropologie est « la science ou description de l’homme » (Petit Robert). Elle rejoint par là d’autres sciences de l’homme comme la psychologie et l’ethnologie. Pour mieux cerner ces définitions, nous avons pris l’exemple d’une étude sur la chambre à coucher de l’enfant dans le cadre d’une recherche interdisciplinaire (programme pal+ sur les représentations et comportements des populations face au paludisme au Sud Cameroun) Nous avons d’abord relevé les éléments cliniques concernant la chambre à coucher et les rituels de sommeil de l’enfant en France avant d’étendre la recherche en milieu Africain à partir d’entretiens et de dessins d’enfants scolarisés en école primaire dans une plantation du Sud Cameroun. L’apport des connaissances en psychologie clinique jointe à celle de l’anthropologie a permis de mieux cerner la problématique du paludisme qui touche de façon marquée la population infantile et d’évaluer les possibilités d’une politique de prévention, notamment par la moustiquaire imprégnée. Notre travail a aussi permis d’apporter d’autres éléments qui ont aidé à comprendre comment les populations pouvaient apprécier le risque palustre et s’en prévenir. Ce cheminement interdisciplinaire peut être utile pour aider les médecins en charge de la santé publique à élaborer une politique de prévention du paludisme qui puisse tenir compte des aspects environnementaux. |
| 786 0# - DATA SOURCE ENTRY | |
| Note | Psy Cause | 53 | 1 | 2009-01-05 | p. 40-41 | 1245-2394 |
| 856 41 - ELECTRONIC LOCATION AND ACCESS | |
| Uniform Resource Identifier | <a href="https://shs.cairn.info/revue-psy-cause-2009-1-page-40?lang=fr&redirect-ssocas=7080">https://shs.cairn.info/revue-psy-cause-2009-1-page-40?lang=fr&redirect-ssocas=7080</a> |
Pas d'exemplaire disponible.




Réseaux sociaux